|
|
|
|
| LEADER |
00000cam a2200000 i 4500 |
| 001 |
1/50974 |
| 008 |
140704s1992 gre d |
| 020 |
|
|
|a 960-211-142-9
|
| 035 |
|
|
|l 10118252
|
| 040 |
|
|
|a GR-MY-UA
|b gre
|e aacr
|
| 041 |
0 |
|
|a gre
|
| 082 |
0 |
|
|a 889.1 ΛΙΚ
|2 (23)
|
| 100 |
1 |
|
|a Λίκος, Γιώργος,
|d 1920-
|
| 245 |
1 |
0 |
|a Ποίηση 1944-1990 /
|c Γιώργος Λίκος ; λιθογραφία: Παναγιώτης Τέτσης
|
| 260 |
|
|
|a Αθήνα :
|b Νεφέλη,
|c 1992
|
| 300 |
|
|
|a 199 σ.;
|b εικ.;
|c 24 εκ.
|
| 650 |
0 |
0 |
|a Greek poetry, Modern
|y 20th century.
|
| 700 |
1 |
|
|a Τέτσης, Παναγιώτης
|d 1925-
|4 510
|
| 852 |
|
|
|a INST
|b LEMNOS
|e 20140704
|h 889.1 ΛΙΚ
|p 005600001197
|q 005600001197
|t BK
|y 0
|
| 901 |
|
|
|a BIBL6-2014-2
|
| 909 |
|
|
|a Μ
|b 161422
|
| 922 |
|
|
|a 6ΕΛΗ
|
| 970 |
|
|
|a ΜΟΣΧΟΒΗ
|b ΕΥΑΓΓΕΛΙΑ
|z 2014/07/04
|